| 000 | 004790000a22001810004500 | ||
|---|---|---|---|
| 003 | MACL | ||
| 005 | 20150704150416.0 | ||
| 008 | 150704b xxu||||| |||| 00| 0 eng d | ||
| 040 |
_aMACL _cmacl |
||
| 041 | _aEnglish | ||
| 082 | _a300/MEN | ||
| 100 |
_aMenon, Dilip M. _9614 |
||
| 245 |
_aCast Nationalism and Communism in South India _bMalabar, 1900-1948 |
||
| 260 |
_bCambridge Univercity _c1994 _aNew Delhi |
||
| 350 | _a295 | ||
| 650 |
_aSociology _919 |
||
| 942 |
_cBK _k300 _2ddc |
||
| 999 |
_c3060 _d3060 |
||